000 00298nam a2200121Ia 4500
005 20251222144736.0
008 251222s9999||||xx |||||||||||||| ||spa||
082 _a616.85/D89
100 _aDongier, Maurice
245 0 _aNeurosis y Trastornos Psicosomáticos
264 _bGuadarrama
942 _cLIB
999 _c18772
_d18772